Digital systems design using VHDL / (Record no. 35296)

MARC details
000 -LEADER
fixed length control field 00479nam a22001697a 4500
005 - DATE AND TIME OF LATEST TRANSACTION
control field 20240308155937.0
008 - FIXED-LENGTH DATA ELEMENTS--GENERAL INFORMATION
fixed length control field 240308b |||||||| |||| 00| 0 eng d
020 ## - INTERNATIONAL STANDARD BOOK NUMBER
ISBN 9780534384623
245 ## - TITLE STATEMENT
Title Digital systems design using VHDL /
Statement of responsibility, etc. Lizy urian John
250 ## - EDITION STATEMENT
Edition statement 2nd ed.
260 ## - PUBLICATION, DISTRIBUTION, ETC.
Place of Publication India:
Name of publisher, distributor, etc. Cengage Learning;
Date of publication, distribution, etc. 2008.
300 ## - PHYSICAL DESCRIPTION
Pages xi, 580 p. :
500 ## - GENERAL NOTE
General note Include index.
650 ## - SUBJECT ADDED ENTRY--TOPICAL TERM
Subject / Department computer science/programming
700 ## - ADDED ENTRY--PERSONAL NAME
Personal name Lizy urian John
300 ## - PHYSICAL DESCRIPTION
-- ill,
-- 24 cm.
952 ## - LOCATION AND ITEM INFORMATION (KOHA)
-- 0
-- 0
Holdings
Lost status Damaged status Collection code Permanent Location Current Location Shelving Location Date acquired Full Call Number Accession No./Barcode Date last seen item type Koha item type
    CS/IT Superior Information Resource Center (SIRC) Superior University- Gold Campus Superior Information Resource Center (SIRC) Superior University- Gold Campus Programming 03/08/2024 621.392 JOH-D 2008 18744 03/08/2024 BOOK BOOK

Powered by Koha